| 000 | 02268nam0a2200373 4500 | ||
|---|---|---|---|
| 001 | RU\NLR\bibl\1388402 | ||
| 005 | 20260409070459.0 | ||
| 010 |
_a978-5-262-00424-9 _980 |
||
| 021 |
_aRU _b2009-36172 _92187 |
||
| 035 | _a(nilc)RSL-KNO-004324564 | ||
| 035 | _a(NLR Aleph) 001380457 | ||
| 090 |
_a1098699 _c1098699 |
||
| 100 | _a20090515d2008 |||y0rusy50 ca | ||
| 101 | 0 | _arus | |
| 102 | _aRU | ||
| 105 | _aa ||||||||| | ||
| 200 | 1 |
_aИнновационные подходы к организации образовательного процесса в современном техническом вузе _eсборник методических трудов слушателей программы "Преподаватель высшей школы" при Институте дополнительного образования ДВГУПС _fМ-во трансп. Российской Федерации, Федеральное агентство ж.-д. трансп., ГОУ ВПО "Дальневосточный гос. ун-т путей сообщения" _gпод науч. ред. Л. П. Лазаревой |
|
| 210 |
_aХабаровск _cИзд-во ДВГУПС _d2008 |
||
| 215 |
_a225 с. _cил., табл. _d20 |
||
| 225 | 1 |
_aПриоритетные национальные проекты _i"Образование" |
|
| 320 | _aБиблиогр. в конце ст. | ||
| 606 |
_aВысшие технические учебные заведения _xПреподавание _jСборники _3RU\NLR\auth\66280214 _91406497 |
||
| 606 |
_aВысшее техническое образование _xИнновации _jСборники _3RU\NLR\AUTH\6601752913 _92664886 |
||
| 686 | 1 | _aЧ488.712я43 | |
| 702 | 1 |
_4340 _aЛазарева _bЛ. П. _cд-р пед. наук _f1945- _gЛариса Петровна _9166216 _3RU\NLR\AUTH\770166263 |
|
| 712 | 0 | 2 |
_4570 _aДальневосточный государственный университет путей сообщения _cХабаровск _3RU\NLR\AUTH\8823063 _9320559 |
| 801 | 0 |
_aRU _bРКП _c20090515 _grcr |
|
| 801 | 1 |
_aRU _bРГБ _c20090515 |
|
| 801 | 2 |
_aRU _bNLR _c20090701 _grcr |
|
| 942 | _cBOOK | ||
| 980 | _aNB | ||
| 980 | _aNBR | ||